| 000 | 00622nam a2200181 i 4500 | ||
|---|---|---|---|
| 001 | 120144 | ||
| 003 | ES-MaACL | ||
| 005 | 20251012063047.0 | ||
| 007 | t| | ||
| 008 | 070214s1973 sp r ||||1| spa d | ||
| 100 | 1 |
_aPérez Vidal, José, _d1907-1990 _9160934 |
|
| 245 | 1 | 0 |
_aDel codonate a la mermelada / _cpor José Pérez Vidal. |
| 260 |
_aMadrid : _bViuda de C. Bermejo, _c1973. |
||
| 300 |
_a21 p. ; _c24 cm. |
||
| 500 | _aEs tirada aparte de la `Revista de Dialectología y Tradiciones Populares, XXIX, (1973), cuadernos 1º y 2º. | ||
| 852 |
_aES-MaACL _j2091-F-3 _bR.89897 |
||
| 999 |
_c120144 _d120144 |
||